LDR 01133naa#a2200217#i#450# 001 RU\\bibl\126599 005 20260703044934.5 011 ## _a2222-7962 100 ## _a20260628b2026####ek#y0rusy0150####ca 102 ## _aRU 200 1# _aОценка темпов естественного возобновления вырубок усохших ельников с помощью данных дистанционного зондирования _eЖурнальная статья 210 1# _aВоронеж _cВоронежский государственный лесотехнический университет имени Г.Ф. Морозова _d2026 215 ## _a14 с. 608 ## _aЖурнальная статья _2local 675 ## _aСельское хозяйство. Лесное хозяйство. Охота. Рыбное хозяйство. 63 _z 700 #1 _aИванчина _gЛюдмила Александровна 700 #1 _aМакурин _gд. В. 700 #1 _aСавостин _gЕгор С. 700 #1 _aДеменев _gАртем Д. 700 #1 _aМаксимович _gНиколай Г. 856 4# _azh-szf.ru _u